000 00606nam a2200205 a 4500
001 26619
003 CO-ViMGA
008 141112s2004 ck r 000 u spa d
020 _a9789568601836
040 _aCO-ViMGA
_bspa
_cCO-ViMGA
090 _aC HAEp
100 1 _aHaensgen, Heidi
_93627
245 1 0 _aPintando aventuras :
_bTravesía por el desierto florido /
_cHaensgen, Heidi
250 _a1ra. ed.
260 _aChile :
_bUqbar Editores,
_c2010
300 _a[16] p. : il. ; 20 cm
490 0 _aMis primeros cuadernos
650 1 4 _aCuaderno de actividades para preescolar
_93628
942 _2ddc
_cBK
999 _c9971
_d9971